000 00677nam a2200241Ia 4500
005 20240103113346.0
008 131103s9999 xx 000 0 und d
020 _a8126002344
_cRs 85
040 _aLoreto College
041 _aEnglish
082 _a891.479
_bRAM
100 _aRam, Anna
245 _aHypocrites,
_cAnna Ram 'Sudama'
250 _a Meva ra roonkh
_bTranslated from the original Rajasthani by Nagarmal Sahal
260 _aNew Delhi
_bSahitya Akademi
_c1997
300 _a171p
630 _aRajasthani Novel
650 _aIndian Literature
651 _aFiction in Rajasthani
700 _aSahal, Nagarmal, tr
850 _aLCLIB
942 _cBK
999 _c36146
_d86625